000 00293nam a22001337a 4500
008 171005b xxu||||| |||| 00| 0 eng d
020 _a9780205198603
041 _aeng
080 _23RD
_a519.9
100 _a49
101 _aPSI
245 _aSOCIAL PSYCHOLOGY
_cLESKO,W.A
942 _2udc
_cBK
999 _c31935
_d31935